[Event "Michigan op (Women)"]
[Site "Warren"]
[Date "2004.11.20"]
[Round "2"]
[White "Peters, Epiphany M"]
[Black "Svintsitski, Larisa"]
[Result "1-0"]
[WhiteElo "891"]
[BlackElo "797"]
[PlyCount "46"]
[EventDate "2004.11.20"]
[EventType "swiss"]
[EventRounds "5"]
[EventCountry "USA"]
[SourceTitle "EXT 2007"]
[Source "ChessBase"]
[SourceDate "2006.11.23"]
[SourceVersion "1"]
[SourceVersionDate "2006.11.23"]
[SourceQuality "1"]

1. e4 e5 2. Nf3 Nc6 3. Bc4 Nf6 4. Nc3 Bb4 5. 0-0 Bxc3 6. dxc3 d6 7. Bg5 0-0 8. Re1 h6 9. Bh4 Qe7 10. Qd3 Be6 11. Bxe6 Qxe6 12. b3 Rad8 13. Qb5 Rb8 14. Bxf6 a6 15. Qd5 Qxf6 16. Red1 Qg6 17. c4 Nb4 18. Qd2 c5 19. Qxd6 Qxd6 20. Rxd6 Nxc2 21. Nxe5 Nb4 22. Nd7 Rfd8 23. Rad1 Rbc8 1-0

[Event "Michigan op (Women)"]
[Site "Warren"]
[Date "2004.11.20"]
[Round "4"]
[White "Tabak, Diana"]
[Black "Svintsitski, Larisa"]
[Result "0-1"]
[WhiteElo "1268"]
[BlackElo "797"]
[PlyCount "136"]
[EventDate "2004.11.20"]
[EventType "swiss"]
[EventRounds "5"]
[EventCountry "USA"]
[SourceTitle "EXT 2007"]
[Source "ChessBase"]
[SourceDate "2006.11.23"]
[SourceVersion "1"]
[SourceVersionDate "2006.11.23"]
[SourceQuality "1"]

1. e4 e5 2. Nf3 Nc6 3. Bc4 Nf6 4. Ng5 d5 5. exd5 Nxd5 6. Nf3 e4 7. Qe2 Be7 8. Qxe4 Nf6 9. Qe2 Nd4 10. Nxd4 Qxd4 11. Nc3 Qd6 12. d3 0-0 13. h3 b6 14. 0-0 Bb7 15. Re1 Qc6 16. Ne4 Rfe8 17. Qf3 b5 18. Nxf6+ Bxf6 19. Rxe8+ Rxe8 20. Qxc6 Bxc6 21. Bb3 Re2 22. Be3 Bxb2 23. Rb1 Be5 24. Kf1 Rxe3 25. fxe3 Bc3 26. a3 Bd2 27. Ke2 Bc3 28. Rf1 Be8 29. d4 Bb2 30. Kd3 Bxa3 31. Ra1 b4 32. c3 Bb5+ 33. Bc4 Bc6 34. cxb4 Bxb4 35. Rxa7 Bd6 36. d5 Bd7 37. Kd4 h6 38. e4 f6 39. Ke3 Bc5+ 40. Kf4 g5+ 41. Kf3 Bxa7 42. g4 Kg7 43. Kg3 c6 44. d6 Bb8 45. Kf3 Bxd6 46. Ke3 Kg6 47. Kd4 h5 48. Be2 Be5+ 49. Kc5 hxg4 50. hxg4 Kf7 51. Bd1 Ke7 52. Be2 Bd6+ 53. Kd4 c5+ 54. Ke3 c4 55. Bxc4 Bxg4 56. Bf1 Bf4+ 57. Kf2 Ke6 58. Bg2 f5 59. exf5+ Kxf5 60. Bf1 Kg6 61. Kg2 Kh5 62. Kf2 Kh4 63. Kg1 Bh3 64. Be2 Be3+ 65. Kh2 Bf4+ 66. Kg1 Kg3 67. Kh1 Bg2+ 68. Kg1 Be3# 0-1